Genetic diversity of yield and quality traits in Tomato (Solanum lycopersicum L.) / (Record no. 14516)

MARC details
000 -LEADER
fixed length control field 01235nam a22002897a 4500
003 - CONTROL NUMBER IDENTIFIER
control field BD-DhSAU
005 - DATE AND TIME OF LATEST TRANSACTION
control field 20190102104050.0
008 - FIXED-LENGTH DATA ELEMENTS--GENERAL INFORMATION
fixed length control field 160718b2017 bg ||||| |||| 001 0 eng d
040 ## - CATALOGING SOURCE
Original cataloging agency BD-DhSAU
082 ## - DEWEY DECIMAL CLASSIFICATION NUMBER
Edition number 22
Classification number 581.35
Item number B4699
100 ## - MAIN ENTRY--PERSONAL NAME
Personal name Bhuiyan , Muhammad Muktader Rashid
Relator term Registration No # 11-04391
245 ## - TITLE STATEMENT
Title Genetic diversity of yield and quality traits in Tomato (Solanum lycopersicum L.) /
Statement of responsibility, etc. Bhuiyan , Muhammad Muktader Rashid
Remainder of title Ms Thesis
260 ## - PUBLICATION, DISTRIBUTION, ETC. (IMPRINT)
Place of publication, distribution, etc. Sher-e-Bangla Agricultural University :
Name of publisher, distributor, etc. Department of Genetics and Plant Breeding,
Date of publication, distribution, etc. 2017.
300 ## - PHYSICAL DESCRIPTION
Extent xiii, 149 p. :
Other physical details ill. ;
Dimensions 30 cm.
500 ## - GENERAL NOTE
General note MS thesis of Department of Genetics and Plant Breeding, Faculty of Agriculture, Sher-e-Bangla Agricultural University, Dhaka, Bangladesh
504 ## - BIBLIOGRAPHY, ETC. NOTE
Bibliography, etc Includes bibliographical references.
590 ## - Name of Cataloguer
Name of Cataloger Shofi
650 ## - SUBJECT ADDED ENTRY--TOPICAL TERM
Topical term or geographic name as entry element Genetics and Plant Breeding
650 ## - SUBJECT ADDED ENTRY--TOPICAL TERM
Topical term or geographic name as entry element Genetic diversity
650 ## - SUBJECT ADDED ENTRY--TOPICAL TERM
Topical term or geographic name as entry element Yield
650 ## - SUBJECT ADDED ENTRY--TOPICAL TERM
Topical term or geographic name as entry element Quality
650 ## - SUBJECT ADDED ENTRY--TOPICAL TERM
Topical term or geographic name as entry element Tomato (Solanum lycopersicum L.
700 ## - ADDED ENTRY--PERSONAL NAME
Personal name Zeba , Naheed
Relator term Superviser
700 ## - ADDED ENTRY--PERSONAL NAME
Personal name Islam , Mohammad Saiful
Relator term Co-superviser
856 ## - ELECTRONIC LOCATION AND ACCESS
Uniform Resource Identifier <a href="http://archive.saulibrary.edu.bd:8080/xmlui/handle/123456789/1954">http://archive.saulibrary.edu.bd:8080/xmlui/handle/123456789/1954</a>
Link text Online Access
942 ## - ADDED ENTRY ELEMENTS (KOHA)
Source of classification or shelving scheme Dewey Decimal Classification
Koha item type MS Level Thesis
Holdings
Withdrawn status Lost status Source of classification or shelving scheme Damaged status Not for loan Collection code Home library Branch Name Date acquired Total Checkouts Full call number Barcode Date last seen Price effective from Koha item type
    Dewey Decimal Classification   Not For Loan Reference SAU Library SAU Library 29/11/2018   581.35 B4699 41046 12/12/2018 12/12/2018 MS Level Thesis